00923cam a22002655a 45000010009000000050017000090080041000260200018000670400033000850820020001182450032001382460036001702460015002062500012002212600048002333000021002814900031003025000059003336500043003926510010004356530025004459420008004709990017004789520162004951615628320201128024029.0100326s2010 nyu fr f000 0 eng d a9780199563050 aDLCcDLCdDLCdEG-ScBUEbeng04a657.03222bDIC02aA dictionary of accounting.14aOxford dictionary of accounting30aAccounting a4th ed. aNew York :bOxford University Press,c2010. a439 p. ;c20 cm.0 aOxford paperback reference a"Editor of the fourth edition, Jonathan Law"--Credits. 7aAccountingvDictionaries.2BUEsh92349 2BUEsh bBUSADMcDecember2016 2ddc c23406d23378 00102ddc40708BaccahaMAINbMAINc1STd2016-12-01ePurchaseg100.00h3642l2m1o657.03 DICp000040167r2025-07-15 00:00:00s2019-11-12v125.00yREFERENCE